00711nam a22001937a 4500999001900000005001700019010001500036020002700051035001400078037001300092082001100105245006900116260005400185270008000239300003200319700001800351942002500369952012300394 c190024d19002420220715163159.0 aENG-133612 a9789354791574c1395.00 aEN-117144 bDBAD/PUB a320.01 aPolitical Thought in Indic Civilization/cEdited by Himanshu Roy aNew DelhibSage Publications India Pvt. Ltdc2021 aB-1/I-I Mohan Cooperative Industrial Area Mathura Road, bNew Delhie110044 avii, 314p.bIndexc22cm(hb) aRoy, Himanshu 2ddccENh320.01mPOL 001040708NFICaBNbBNd2022-07-15eDBAD/PUBg1395.00l0o320.01 POLpEN-117144r2022-07-15 00:00:00t1v1395.00yEN